Central Library OPAC University of Rajshahi

The economics of agricultural development / (Record no. 45136)

MARC details
000 -LEADER
fixed length control field 00804cam a2200253 4500
001 - CONTROL NUMBER
control field 45136
003 - CONTROL NUMBER IDENTIFIER
rucl marc code BD-RjUL
005 - DATE AND TIME OF LATEST TRANSACTION
control field 20211209053952.0
008 - FIXED-LENGTH DATA ELEMENTS--GENERAL INFORMATION
fixed length control field 160723r19691966nyua b 000 0 eng
035 ## - SYSTEM CONTROL NUMBER
System control number (OCoLC)ocm00230860
System control number (BD-RjUL)45254
040 ## - CATALOGING SOURCE
Original cataloging agency DLC
Transcribing agency WSU
Modifying agency SER
-- m.c.
-- OCL
-- ZCU
Language of cataloging eng
041 ## - LANGUAGE CODE
Language code of text/sound track or separate title eng
082 ## - DEWEY DECIMAL CLASSIFICATION NUMBER
Classification number 338.1
Author mark and year MEE 1969
100 1# - MAIN ENTRY--PERSONAL NAME
Personal name Mellor, John Williams,
Dates associated with a name 1928-
9 (RLIN) 138279
245 14 - TITLE STATEMENT
Title The economics of agricultural development /
Statement of responsibility, etc. [by] John W. Mellor.
260 ## - PUBLICATION, DISTRIBUTION, ETC. (IMPRINT)
Place of publication, distribution, etc. Ithaca, N.Y. :
Name of publisher, distributor, etc. Cornell University Press,
Date of publication, distribution, etc. 1966 [reprint 1969]
300 ## - PHYSICAL DESCRIPTION
Pagination xiv, 403 p. :
Illustrations ill. ;
Size 24 cm.
504 ## - BIBLIOGRAPHY, ETC. NOTE
Bibliography, etc Includes bibliographies.
650 #0 - SUBJECT ADDED ENTRY--TOPICAL TERM
Topical term or geographic name as entry element Agriculture
General subdivision Economic aspects.
9 (RLIN) 138280
651 #0 - SUBJECT ADDED ENTRY--GEOGRAPHIC NAME
Geographic name Developing countries.
9 (RLIN) 138281
942 ## - ADDED ENTRY ELEMENTS (KOHA)
Source of classification or shelving scheme Dewey Decimal Classification
Koha item type Books
Holdings
Lost status Source of classification or shelving scheme Damaged status Not for loan Collection code Permanent Location Current Location Shelving location Date acquired Source of acquisition Total Checkouts Full call number Date last seen Copy number Koha item type Cost, normal purchase price
  Dewey Decimal Classification     Non-fiction Central Library, University of Rajshahi Central Library, University of Rajshahi   06/07/1976 USIS   338.1 MEE 1969 23/07/2016 C-2 Books  
  Dewey Decimal Classification     Non-fiction Central Library, University of Rajshahi Central Library, University of Rajshahi   28/01/1975 Janathan wre and co, london   338.1 MEE 1969 05/09/2016 C-3 Books 785.00
  Dewey Decimal Classification   Not For Loan Non-fiction Central Library, University of Rajshahi Central Library, University of Rajshahi Reading Room 17/02/1971 Zeitlinger   338.1 MEE 1969 04/01/2017 C-1 Books 95.00